Anteproyecto arquitectónico de apartamentos Universitarios bajo el concepto de arquitectura dinámica
Presenta un anteproyecto de apartamentos universitarios con el concepto de arquitectura dinámica para brindar una respuesta a la problemática de la población estudiantil de la educación superior de Nicaragua que emigra de los departamentos a la ciudad de Managua, de igual manera al crecimiento d...
| Main Authors: | , |
|---|---|
| Other Authors: | |
| Format: | Tesis Section = Libro |
| Language: | Undetermined Spanish |
| Published: |
Managua
UNI
2017
|
| Subjects: |
| LEADER | 01310nam a2200265Ia 4500 | ||
|---|---|---|---|
| 008 | 240830s9999 xx 000 0 und d | ||
| 040 | |a BIBLIOTECA-RUSB/ Mon 727.3 R934 | ||
| 041 | |a spa | ||
| 082 | |a Mon 727.3 R934 | ||
| 100 | 1 | |a Ruiz López, Katherine Massiel | |
| 100 | 1 | |b Contreras Sánchez, José Zenós | |
| 245 | 1 | 0 | |a Anteproyecto arquitectónico de apartamentos Universitarios bajo el concepto de arquitectura dinámica |
| 260 | |a Managua |b UNI |c 2017 | ||
| 300 | |a 109 p. :il. | ||
| 502 | |a Tesis (Arquitecto) - UNI, 2017. | ||
| 520 | 3 | |a Presenta un anteproyecto de apartamentos universitarios con el concepto de arquitectura dinámica para brindar una respuesta a la problemática de la población estudiantil de la educación superior de Nicaragua que emigra de los departamentos a la ciudad de Managua, de igual manera al crecimiento de la población estudiantil, demanda nuevas ofertas habitacionales que cumplan con los estándares de calidad en esta tipología de arquitectura. | |
| 650 | 7 | |a EDIFICIOS UNIVERSITARIOS- DISEÑO- NICARAGUA | |
| 650 | 7 | |b DISEÑO ARQUITECTONICO | |
| 650 | 7 | |c ARQUITECTURA- DISEÑO Y PLANOS | |
| 650 | 7 | |d ARQUITECTURA DINAMICA | |
| 650 | 7 | |e VIVIENDAS | |
| 700 | 1 | |a Tutor: |b Vega Matus, Federico | |
| 942 | |c BK |2 ddc | ||
| 991 | |a TESIS | ||
| 999 | |c 21401 | ||